| 000 | 00826nam a2200241 a 4500 | ||
|---|---|---|---|
| 001 | 20425 | ||
| 003 | CO-ViMGA | ||
| 008 | 141112s2004 ck r 000 u spa d | ||
| 020 | _a9681666135 | ||
| 040 |
_aCO-ViMGA _bspa _cCO-ViMGA |
||
| 082 | 0 | 4 | _a551 L567d |
| 100 | 1 |
_aLlorente, Jorge; Papavero, Nelson; Simoes, Marcello _929482 |
|
| 245 | 1 | 0 | _aLa distribución de los seres vivos y la historia de la tierra Ciencia para todos |
| 250 | _a2 | ||
| 260 |
_aMexico : _bFondo de cultura económica, _c2002 |
||
| 300 | _a124p | ||
| 490 | _aLa ciencia para todos; 148 | ||
| 590 | _aForma de adquisición : Donación - - Precio : 12000 - - Fecha de adquisición : Marzo 2006 | ||
| 650 | 1 | 4 |
_aANIMALES Y PLANTAS - DISTRIBUCIÓN GEOGRÁFICA _929483 |
| 650 | 1 | 4 | _aGEOLOGIA |
| 650 | 1 | 4 |
_aTIERRA - HISTORIA _929484 |
| 942 |
_2ddc _cBK |
||
| 999 |
_c29420 _d29420 |
||